Statistics for States Along I-80

Click here to take the quiz!

General Stats

  • This quiz has been taken 42 times
  • The average score is 10 of 11

Answer Stats

HintAnswer% Correct
WestCalifornia
100%
CornNebraska
100%
GamblingNevada
100%
MormonsUtah
100%
CornIowa
94%
Cheese SteaksPennsylvania
94%
CornIllinois
91%
CornIndiana
91%
CornOhio
91%
DesertWyoming
91%
EastNew Jersey
82%

Score Distribution

Percentile by Number Answered

Percent of People with Each Score

Your Score History

You have not taken this quiz